Groupes de choses - Le chiffre 3 - Statistiques

Statistiques générales
  • Ce quiz a été pris 2 554 fois
    2 070 depuis la dernière actualisation
  • Le résultat moyen est 63 sur 156
Statistiques - réponses
Indice Pays % Correct
COULEURS PRIMAIRES | TROIS COULEURS DE Krzysztof Kieślowski Bleu
91%
COULEURS PRIMAIRES | TROIS COULEURS DE Krzysztof Kieślowski Rouge
91%
PAYS DE LA TRIPLE ENTENTE Royaume-Uni
90%
PAYS DE LA TRIPLE ALLIANCE Allemagne
86%
COULEURS PRIMAIRES Jaune
86%
PAYS DE LA TRIPLE ENTENTE France
85%
PAYS COMPOSANT LA GRANDE-BRETAGNE Angleterre
84%
CAPITALES SUD-AFRICAINES Le Cap
83%
TERMES DE LA DEVISE FRANCAISE Egalité
82%
TERMES DE LA DEVISE FRANCAISE Fraternité
82%
PAYS DE LA TRIPLE ALLIANCE Italie
82%
TERMES DE LA DEVISE FRANCAISE Liberté
81%
RELIGIONS MONOTHEISTES Islam
80%
RELIGIONS MONOTHEISTES Christianisme
77%
PAYS DE LA TRIPLE ENTENTE Russie
77%
RELIGIONS MONOTHEISTES Judaïsme
76%
PAYS COMPOSANT LA GRANDE-BRETAGNE Ecosse
75%
FORMES DE LA MATIERE Liquide
75%
FORMES DE LA MATIERE Solide
75%
ALLURES DU CHEVAL Galop
74%
ALLURES DU CHEVAL Trot
74%
OS DE LA JAMBE Fémur
73%
LES GUINEE Guinée
73%
TYPES BAC GENERAL JUSQU'EN 2021 Scientifique
73%
TYPES BAC GENERAL JUSQU'EN 2021 Littéraire
72%
OS DE LA JAMBE Tibia
72%
FORMES DE LA MATIERE Gazeux
70%
LES GUINEE Guinée équatoriale
70%
ALLURES DU CHEVAL Pas
70%
LES GUINEE Guinée Bissau
69%
PAYS COMPOSANT LA GRANDE-BRETAGNE Pays-de-Galles
69%
SIGNES DE TERRE Capricorne
67%
NEVEUX DE DONALD Fifi
67%
SIGNES DE FEU Lion
67%
NEVEUX DE DONALD Loulou
66%
NEVEUX DE DONALD Riri
66%
SIGNES DE TERRE Taureau
66%
BENELUX Belgique
65%
SIGNES D'EAU Cancer
65%
SIGNES DE FEU Bélier
64%
BENELUX Luxembourg
64%
BENELUX Pays-Bas
64%
SIGNES DE TERRE Vierge
64%
SIGNES DE FEU Sagittaire
63%
PAYS DE LA TRIPLE ALLIANCE Autriche
62%
SIGNES D'AIR Balance
62%
SIGNES D'AIR Verseau
62%
SIGNES D'EAU Scorpion
61%
ROIS MAGES Balthazar
60%
SIGNES D'AIR Gémeaux
60%
ILES DE NAPOLEON Sainte-Hélène
59%
CITATION DE CESAR Veni
59%
CITATION DE CESAR Vici
59%
CITATION DE CESAR Vidi
56%
SAINTE TRINITE Le fils
55%
SAINTE TRINITE Le Père
55%
SAINTE TRINITE Le Saint-Esprit
55%
ETATS BALTES Lettonie
55%
ETATS BALTES Lituanie
55%
ETATS BALTES Estonie
54%
TRIO A CORDES Violon
54%
ROIS MAGES Melchior
53%
SIGNES D'EAU Poissons
53%
TROIS MOUSQUETAIRES Aramis
51%
TROIS COULEURS DE Krzysztof Kieślowski Blanc
50%
TRIO A CORDES Violoncelle
50%
TYPES BAC GENERAL JUSQU'EN 2021 Economique et Social
49%
TROIS MOUSQUETAIRES Porthos
46%
TROIS MOUSQUETAIRES Athos
45%
ROIS MAGES Gaspard
45%
ILES DE NAPOLEON Elbe
44%
PRESIDENTS DE LA REPUBLIQUE EN 1974 Pompidou
44%
CAPITALES SUD-AFRICAINES Prétoria
44%
ILES DE NAPOLEON Corse
43%
TROIS ORDRES Clergé
41%
OS DE LA JAMBE Péroné
41%
LES INCONNUS Didier Bourdon
40%
TROIS ORDRES Noblesse
40%
TROIS ORDRES Tiers-Etat
39%
ILES DES BALEARES Majorque
37%
CHATONS DES ARISTOCHATS Marie
37%
ILES DES BALEARES Ibiza
36%
LES INCONNUS Pascal Légitimus
36%
1er TRIUMVIRAT à ROME César
35%
TRIO A CORDES Alto
33%
CHATONS DES ARISTOCHATS Berlioz
32%
ILES DES BALEARES Minorque
32%
REGNES DE LA NATURE Animal
31%
PRESIDENTS DE LA REPUBLIQUE EN 1974 Giscard d'Estaing
31%
TROIS EVECHES DE LORRAINE Toul
29%
3 FRERES ROIS (1314-1328) Louis X
27%
CHATONS DES ARISTOCHATS Toulouse
27%
REGNES DE LA NATURE Végétal
27%
PARTIES DU RAISONNEMENT Antithèse
26%
PARTIES DU RAISONNEMENT Thèse
26%
PARTIES DU RAISONNEMENT Synthèse
25%
LES INCONNUS Bernard Campan
24%
3 FRERES ROIS (1774-1830) Louis XVI
22%
AGES DE LA VIE Vieillesse
21%
PAPES EN 1978 Jean-Paul II
20%
AGES DE LA VIE Jeunesse
20%
CAPITALES SUD-AFRICAINES Bloemfontein
19%
2e TRIUMVIRAT à ROME Marc-Antoine
19%
1er TRIUMVIRAT à ROME Pompée
19%
3 FRERES ROIS (1774-1830) Louis XVIII
17%
3 FRERES ROIS (1774-1830) Charles X
16%
HYENES DU ROI LION Ed
16%
REGNES DE LA NATURE Minéral
16%
2e TRIUMVIRAT à ROME Octave
15%
FEES DE LA BELLE AU BOIS DORMANT Pimprenelle
15%
PATRIARCHES FONDATEURS Abraham
13%
3 FRERES ROIS (1559-1589) Henri III
13%
1er TRIUMVIRAT à ROME Crassus
12%
TROIS EVECHES DE LORRAINE Metz
12%
3 FRERES ROIS (1559-1589) Charles IX
11%
3 FRERES ROIS (1559-1589) François II
11%
CONSULS (1799-1804) Bonaparte
10%
FILS DE NOE Cham
10%
3 FRERES ROIS (1314-1328) Charles IV
10%
FEES DE LA BELLE AU BOIS DORMANT Flora
10%
HYENES DU ROI LION Shenzi
10%
DEVISE OLYMPIQUE Altius
9%
JOYAUX DU BOUDDHISME Bouddha
9%
DEVISE OLYMPIQUE Fortius
9%
FEES DE LA BELLE AU BOIS DORMANT Pâquerette
9%
PRESIDENTS DE LA REPUBLIQUE EN 1974 Poher
9%
3 FRERES ROIS (1314-1328) Philippe V
8%
HYENES DU ROI LION Banzaï
7%
DEVISE OLYMPIQUE Citius
7%
VERTUS THEOLOGALES Foi
7%
PATRIARCHES FONDATEURS Isaac
7%
AGES DE LA VIE Maturité
7%
FILS DE NOE Sem
7%
VERTUS THEOLOGALES Charité
6%
2e TRIUMVIRAT à ROME Lépide
6%
VERTUS THEOLOGALES Espérance
5%
PATRIARCHES FONDATEURS Jacob
5%
PAPES EN 1978 Jean-Paul 1er
5%
PRENOMS DES DROLES DE DAMES Kelly
5%
PAPES EN 1978 Paul VI
5%
PRENOMS DES DROLES DE DAMES Sabrina
5%
TROIS EVECHES DE LORRAINE Verdun
5%
FILS DE NOE Japhet
4%
PRENOMS DES DROLES DE DAMES Jill
4%
PIEDS NICKELES Ribouldingue
4%
CONSULS (1799-1804) Cambacérès
3%
PIEDS NICKELES Croquignol
3%
JOYAUX DU BOUDDHISME Dharma
3%
PIEDS NICKELES Filochard
3%
JOYAUX DU BOUDDHISME Sangha
3%
CONSULS (1799-1804) Lebrun
2%
MARECHAUX NOMMES PAR V. AURIOL Alphonse Juin
1%
MARECHAUX NOMMES PAR V. AURIOL Jean de Lattre de Tassigny
1%
MARECHAUX NOMMES PAR V. AURIOL Philippe Leclerc de Hautecloque
1%
Aucun quiz correspondant
Distribution des résultats
% des personnes avec chaque résultat
Percentile par nombre de réponses
Votre historique - résultats
Vous n’avez pas pris ce quiz depuis la dernière actualisation